000 00771nam a2200253Ia 4500
003 GCL
008 140319s9999 xx 000 0 ara d
040 _aGCL /
_cGCL
082 0 4 _a782.1
_bا ا
100 1 _aاحمد حمدى محمود
245 1 0 _aالاوبرا /
_cاحمد حمدى محمود
260 _a[S.N] :
_bالهيئة المصرية العامة للكتاب ،
_c1988
300 _a758 ص
490 _a
650 0 4 _aتاريخ
650 0 4 _aالموسيقى المسرحية
650 0 4 _aالاوبرا
650 0 4 _aالاعمال الموسيقية
650 0 4 _aالموسيقى الغنائية
650 0 4 _aالاداء الصوتى
650 0 4 _aاوربا
650 0 4 _aالموسيقيون - تراجم
942 _2ddc
_cBK
999 _c28036
_d28036